MyGZULibrary

Voices from the continent : (Record no. 4016)

MARC details
000 -LEADER
fixed length control field 01640cam a2200385 a 4500
001 - CONTROL NUMBER
control field 13206014
003 - CONTROL NUMBER IDENTIFIER
control field GZU
005 - DATE AND TIME OF LATEST TRANSACTION
control field 20210311102745.0
008 - FIXED-LENGTH DATA ELEMENTS--GENERAL INFORMATION
fixed length control field 030520s2003 njub b 000 0 eng
010 ## - LIBRARY OF CONGRESS CONTROL NUMBER
LC control number 2003011403
020 ## - INTERNATIONAL STANDARD BOOK NUMBER
International Standard Book Number 1592211224 (cloth)
020 ## - INTERNATIONAL STANDARD BOOK NUMBER
International Standard Book Number 1592211232 (pbk.)
040 ## - CATALOGING SOURCE
Original cataloging agency DLC
Transcribing agency DLC
Modifying agency DLC
043 ## - GEOGRAPHIC AREA CODE
Geographic area code fw-----
050 00 - LIBRARY OF CONGRESS CALL NUMBER
Classification number PQ3988.5 O'BR 2003
Item number O27 2003
082 00 - DEWEY DECIMAL CLASSIFICATION NUMBER
Classification number 840.9/966
Edition number 21
100 1# - MAIN ENTRY--PERSONAL NAME
Personal name O'Brien, Sara Talis.
Relator term author
245 10 - TITLE STATEMENT
Title Voices from the continent :
Remainder of title a curriculum guide to selected West African literature /
Statement of responsibility, etc. Sara Talis O'Brien, Renée Schatteman.
246 30 - VARYING FORM OF TITLE
Title proper/short title Curriculum guide to selected West African literature
260 ## - PUBLICATION, DISTRIBUTION, ETC.
Place of publication, distribution, etc. Trenton, NJ :
Name of publisher, distributor, etc. Africa World Press,
Date of publication, distribution, etc. c2003.
300 ## - PHYSICAL DESCRIPTION
Extent xi, 185 p. :
Other physical details maps ;
Dimensions 28 cm.
504 ## - BIBLIOGRAPHY, ETC. NOTE
Bibliography, etc. note Includes bibliographical references.
600 10 - SUBJECT ADDED ENTRY--PERSONAL NAME
Personal name Sembène, Ousmane,
Dates associated with a name 1923-2007.
Title of a work Bouts de bois de Dieu.
600 10 - SUBJECT ADDED ENTRY--PERSONAL NAME
Personal name Aidoo, Ama Ata,
Dates associated with a name 1942- .
Title of a work Dilemma of a ghost.
600 10 - SUBJECT ADDED ENTRY--PERSONAL NAME
Personal name Achebe, Chinua.
Title of a work Things fall apart.
600 10 - SUBJECT ADDED ENTRY--PERSONAL NAME
Personal name Bâ, Mariama.
Title of a work Si longue lettre.
600 10 - SUBJECT ADDED ENTRY--PERSONAL NAME
Personal name Camara, Laye.
Title of a work Enfant noir.
650 #0 - SUBJECT ADDED ENTRY--TOPICAL TERM
Topical term or geographic name entry element West African fiction (French)
General subdivision Study and teaching.
650 #0 - SUBJECT ADDED ENTRY--TOPICAL TERM
Topical term or geographic name entry element West African fiction (English)
General subdivision Study and teaching.
700 1# - ADDED ENTRY--PERSONAL NAME
Personal name Schatteman, Renée.
856 41 - ELECTRONIC LOCATION AND ACCESS
Materials specified Table of contents
Uniform Resource Identifier <a href="http://www.loc.gov/catdir/toc/ecip044/2003011403.html">http://www.loc.gov/catdir/toc/ecip044/2003011403.html</a>
906 ## - LOCAL DATA ELEMENT F, LDF (RLIN)
a 7
b cbc
c orignew
d 1
e ecip
f 20
g y-gencatlg
942 ## - ADDED ENTRY ELEMENTS (KOHA)
Source of classification or shelving scheme Library of Congress Classification
Koha item type Books
Classification part 3988.5
Item part O'BR
Call number prefix PQ
Holdings
Withdrawn status Lost status Damaged status Not for loan Collection code Home library Current library Shelving location Date acquired Inventory number Total Checkouts Full call number Barcode Date last seen Copy number Price effective from Koha item type
        Non-fiction City Campus Library City Campus Library General Stacks 03/11/2021 3061   PQ3988.5 O'BR 013706 03/11/2021 c.1 03/11/2021 Books